Head of State Flags of Countries #1 - Statistics

General Stats
  • This quiz has been taken 10 times
  • The average score is 14 of 16
Answer Stats
Picture Answer % Correct
Denmark
100%
Estonia
100%
Finland
100%
Iceland
100%
Ireland
100%
Portugal
100%
Sweden
100%
Australia
90%
Slovenia
90%
Canada
80%
Uruguay
80%
Japan
70%
Belgium
60%
Luxembourg
60%
Netherlands
60%
Norway
60%
No matching quizzes found
Score Distribution
Percent of People with Each Score
Percentile by Number Answered
Your Score History
You have not taken this quiz